[Event "Barcelona Chavarria Memorial 1st"]
[Site "Barcelona"]
[Date "2012.10.10"]
[Round "2"]
[White "Ponsetti Pascual, Juan Ignacio"]
[Black "Gonzalez Perez, Arian"]
[Result "0-1"]
[WhiteElo "2037"]
[BlackElo "2499"]
[PlyCount "72"]
[EventDate "2012.10.03"]
[EventType "swiss"]
[EventRounds "9"]
[EventCountry "ESP"]
[SourceTitle "EXT 2014"]
[Source "ChessBase"]
[SourceDate "2013.11.20"]
[SourceVersion "1"]
[SourceVersionDate "2013.11.20"]
[SourceQuality "1"]

1. d4 Nf6 2. Bg5 d5 3. e3 e6 4. Nd2 Be7 5. Bd3 c5 6. c3 Nc6 7. f4 c4 8. Bc2 b5 9. Qf3 b4 10. Nxc4 0-0 11. Ne5 Nxe5 12. fxe5 Ne4 13. Bxe7 Qxe7 14. Ne2 bxc3 15. bxc3 f5 16. Bd3 Qa3 17. Rd1 Qxa2 18. Qh3 Ba6 19. Bxa6 Qxa6 20. Qf3 g5 21. h3 Qa2 22. 0-0 Nd2 23. Qh5 Nxf1 24. Qxg5+ Kh8 25. Kxf1 Qb3 26. Ra1 Rf7 27. Nf4 Qxc3 28. Re1 Qc4+ 29. Re2 Rg8 30. Qh4 a5 31. Nxe6 Rxg2 32. Kxg2 Qxe2+ 33. Kh1 Qd1+ 34. Kh2 Qc2+ 35. Kh1 Qe4+ 36. Kh2 Qxh4 0-1

[Event "Barcelona Edami op 8th"]
[Site "Barcelona"]
[Date "2010.03.02"]
[Round "5.9"]
[White "Escudero Martinez, Alberto"]
[Black "Ponsetti Pascual, Juan Ignacio"]
[Result "0-1"]
[WhiteElo "1891"]
[BlackElo "2058"]
[PlyCount "94"]
[EventDate "2010.02.02"]
[EventType "swiss"]
[EventRounds "8"]
[EventCountry "ESP"]
[SourceTitle "EXT 2024"]
[Source "ChessBase"]
[SourceDate "2023.10.10"]
[SourceVersion "1"]
[SourceVersionDate "2023.10.10"]
[SourceQuality "1"]

1. Nf3 Nf6 2. g3 d5 3. Bg2 c6 4. 0-0 Bg4 5. d3 Nbd7 6. Nbd2 e5 7. e4 dxe4 8. Nxe4 Nxe4 9. dxe4 Bc5 10. Qd2 0-0 11. b4 Bb6 12. Qg5 Qxg5 13. Bxg5 f6 14. Bc1 Rfd8 15. c4 a5 16. b5 cxb5 17. cxb5 Nf8 18. a4 Ne6 19. h3 Bh5 20. g4 Bg6 21. Nh4 Rd7 22. Nxg6 hxg6 23. Be3 Bxe3 24. fxe3 Rad8 25. Ra2 Rd3 26. Re1 Nc5 27. Bf3 g5 28. Kf1 b6 29. Ke2 Kf8 30. Bg2 Rb3 31. Kf3 Rb4 32. Rea1 Ke7 33. Ke2 Rd3 34. Rd1 Rxd1 35. Kxd1 Nxa4 36. Ra3 Nb2+ 37. Kc2 Rxb5 38. Bf1 Rb4 39. Rb3 Rxb3 40. Kxb3 Nd1 41. Ka4 Nxe3 42. Be2 Kd6 43. Kb5 Kc7 44. Bd3 Nd1 45. Bf1 Nc3+ 46. Kc4 Nxe4 47. Kd5 Nd6 0-1

[Event "Barcelona Edami op 8th"]
[Site "Barcelona"]
[Date "2010.02.23"]
[Round "4.4"]
[White "Ponsetti Pascual, Juan Ignacio"]
[Black "Nikoladze, Sopio"]
[Result "0-1"]
[WhiteElo "2058"]
[BlackElo "2179"]
[PlyCount "110"]
[EventDate "2010.02.02"]
[EventType "swiss"]
[EventRounds "8"]
[EventCountry "ESP"]
[SourceTitle "EXT 2024"]
[Source "ChessBase"]
[SourceDate "2023.10.10"]
[SourceVersion "1"]
[SourceVersionDate "2023.10.10"]
[SourceQuality "1"]

1. d4 Nf6 2. Bg5 e6 3. e4 h6 4. Bxf6 Qxf6 5. Nf3 g6 6. Bd3 Bg7 7. Nbd2 d6 8. c3 Nd7 9. Nc4 e5 10. dxe5 dxe5 11. 0-0 0-0 12. b4 Qe7 13. Ne3 c6 14. Qe2 Nb6 15. Nd2 f5 16. Nec4 f4 17. f3 Na4 18. Rfc1 b5 19. Na5 Bd7 20. Bc2 Nb6 21. Ndb3 Rf6 22. Nc5 Bf8 23. Bb3+ Kh7 24. c4 a6 25. Rd1 Be8 26. a3 Qa7 27. Kh1 Bxc5 28. bxc5 Nd7 29. Rd6 Qxc5 30. Nb7 Qb6 31. Rxf6 Nxf6 32. Nd6 Rd8 33. Rd1 Qc5 34. Nxe8 Rxe8 35. cxb5 axb5 36. Qd3 Ra8 37. a4 bxa4 38. Ba2 Kg7 39. h3 g5 40. Kh2 h5 41. Be6 g4 42. Rb1 g3+ 43. Kh1 Qe7 44. Ba2 Ra7 45. Qc4 a3 46. Rb8 Rd7 47. Rb1 Qd6 48. Qb3 Qd3 49. Qxd3 Rxd3 50. Be6 Rd2 51. Kg1 Kf8 52. Kf1 Ke7 53. Bc4 Kd6 54. Ra1 Kc5 55. Be6 Kb4 0-1